[Event "Turkey Cup 2020"]
[Site "Antalya-Belek"]
[Date "2020.01.29"]
[Round "5.74"]
[White "Yildirim, Kemal"]
[Black "Ozkale, Can Barkin"]
[Result "1/2-1/2"]
[WhiteElo "1695"]
[BlackElo "1796"]
[Annotator "NA"]
[PlyCount "43"]
[EventDate "2020.01.26"]
[EventType "swiss"]
[EventCountry "TUR"]
[SourceTitle "playchess.com"]
[Source "ChessBase"]
[SourceQuality "1"]

1. d4 Nf6 2. Bf4 g6 3. c3 Bg7 4. Nf3 d6 5. h3 O-O 6. e3 b6 7. Be2 Bb7 8. O-O Nbd7 9. a4 a6 10. Nbd2 c5 11. Bh2 Re8 12. Qb3 e5 13. dxe5 dxe5 14. Nc4 Ne4 15. Rfd1 Qc7 16. Rxd7 Qxd7 17. Nxb6 Qc6 18. Nxa8 Bxa8 19. Bf1 Qf6 20. Qc2 h5 21. Qe2 Bb7 22. Rd1 1/2-1/2

[Event "Turkey Cup 2020"]
[Site "Antalya-Belek"]
[Date "2020.01.29"]
[Round "5.75"]
[White "Zekeriyaoglu, Ersen"]
[Black "Kapusuz, Hasan Huseyin"]
[Result "1-0"]
[WhiteElo "1799"]
[BlackElo "1605"]
[Annotator "NA"]
[PlyCount "75"]
[EventDate "2020.01.26"]
[EventType "swiss"]
[EventCountry "TUR"]
[SourceTitle "playchess.com"]
[Source "ChessBase"]
[SourceQuality "1"]

1. Nf3 c5 2. c4 g6 3. Nc3 Nc6 4. d4 cxd4 5. Nxd4 Bg7 6. Nc2 d6 7. e4 Nf6 8. Be2 O-O 9. O-O Be6 10. Be3 Ne5 11. b3 Neg4 12. Bd4 Qd7 13. f3 Ne5 14. Qd2 Nc6 15. Be3 Qd8 16. Rad1 Qa5 17. Kh1 Nd7 18. b4 Qc7 19. f4 Nb6 20. Nd5 Bxd5 21. cxd5 Nb8 22. Bd4 N8d7 23. Ne3 Rac8 24. Rc1 Qb8 25. Bxg7 Kxg7 26. Qd4+ Kg8 27. Ng4 h5 28. Rxc8 Rxc8 29. Nh6+ Kh7 30. Nxf7 Rc2 31. Ng5+ Kh6 32. Ne6 Qg8 33. Qe3 Nf8 34. f5+ g5 35. Bxh5 Nxe6 36. dxe6 Rxa2 37. Bf7 Qf8 38. f6 1-0

[Event "Turkey Cup 2020"]
[Site "Antalya-Belek"]
[Date "2020.01.29"]
[Round "5.76"]
[White "Turan, Fatih"]
[Black "Gonullu, Muhammed Sinan"]
[Result "0-1"]
[WhiteElo "1354"]
[BlackElo "1787"]
[Annotator "NA"]
[PlyCount "59"]
[EventDate "2020.01.26"]
[EventType "swiss"]
[EventCountry "TUR"]
[SourceTitle "playchess.com"]
[Source "ChessBase"]
[SourceQuality "1"]

1. e4 c5 2. Nf3 g6 3. d4 Bg7 4. Nc3 cxd4 5. Nxd4 Nc6 6. Be3 Nf6 7. f3 O-O 8. Bc4 Qb6 9. Qd2 Nxe4 10. fxe4 Bxd4 11. Bxd4 Qxd4 12. Qxd4 Nxd4 13. O-O-O Nc6 14. Nd5 d6 15. h3 Be6 16. g4 Bxd5 17. exd5 Ne5 18. Be2 Kg7 19. g5 h6 20. Rdg1 h5 21. Rg3 Rac8 22. Ra3 a6 23. Rb3 Rc7 24. Rh2 Rfc8 25. Bf1 f6 26. gxf6+ Kxf6 27. Rf2+ Kg7 28. h4 Rf8 29. Bh3 b5 30. Be6 0-1

[Event "Turkey Cup 2020"]
[Site "Antalya-Belek"]
[Date "2020.01.29"]
[Round "5.77"]
[White "Iren, Muhammet Kaan"]
[Black "Deva, Atilla"]
[Result "1-0"]
[WhiteElo "1698"]
[BlackElo "1660"]
[Annotator "NA"]
[PlyCount "41"]
[EventDate "2020.01.26"]
[EventType "swiss"]
[EventCountry "TUR"]
[SourceTitle "playchess.com"]
[Source "ChessBase"]
[SourceQuality "1"]

1. d4 d5 2. c4 e5 3. dxe5 d4 4. Nf3 Nc6 5. g3 Bg4 6. Bg2 Qd7 7. O-O Nge7 8. Qa4 Bxf3 9. Bxf3 Nxe5 10. Qxd7+ Kxd7 11. Bxb7 Rb8 12. Bg2 Nxc4 13. Rd1 Nd6 14. Rxd4 c5 15. Rxd6+ Kxd6 16. Bf4+ Ke6 17. Bxb8 g6 18. Bxa7 Nc8 19. Bb8 Bg7 20. Nc3 Nb6 21. Bf4 1-0

[Event "Turkey Cup 2020"]
[Site "Antalya-Belek"]
[Date "2020.01.29"]
[Round "5.78"]
[White "Celik, Hilmi"]
[Black "Sat, Eray"]
[Result "0-1"]
[WhiteElo "1675"]
[BlackElo "1781"]
[Annotator "NA"]
[PlyCount "116"]
[EventDate "2020.01.26"]
[EventType "swiss"]
[EventCountry "TUR"]
[SourceTitle "playchess.com"]
[Source "ChessBase"]
[SourceQuality "1"]

1. b3 e5 2. Bb2 Nc6 3. e3 g6 4. Bb5 Bg7 5. Nf3 Nge7 6. d4 e4 7. Nfd2 f5 8. Nc3 d5 9. Ne2 Be6 10. Nf4 Bf7 11. c4 a6 12. Bxc6+ Nxc6 13. a3 O-O 14. cxd5 Bxd5 15. Nxd5 Qxd5 16. Qc2 Kh8 17. Qc4 Qd7 18. Rc1 Rac8 19. g3 Ne7 20. Bc3 Nd5 21. Nb1 g5 22. h4 f4 23. hxg5 fxe3 24. fxe3 Qf5 25. Qe2 Qxg5 26. Kd2 Nxe3 27. Qh5 Nf1+ 28. Kd1 Qxh5+ 29. Rxh5 Nxg3 30. Rh3 Rf1+ 31. Be1 Nf5 32. Ke2 Rg1 33. d5 Nd4+ 34. Kf2 Rg6 35. Bc3 Rf8+ 36. Ke3 Nxb3 37. Rch1 Rf3+ 38. Kxe4 Rxh3 39. Rxh3 Nc5+ 40. Ke3 Bxc3 41. Nxc3 Kg7 42. Ne2 Rg5 43. Nf4 Re5+ 44. Kd2 Re4 45. Nh5+ Kg6 46. Kc3 Ra4 47. Kb2 Rd4 48. Kc3 Rd3+ 49. Rxd3 Nxd3 50. Ng3 Nf2 51. Kd4 h5 52. Nxh5 Kxh5 53. d6 cxd6 54. Kd5 Ne4 55. Kxe4 b5 56. Kd4 Kg5 57. Kd5 a5 58. Kd4 Kf5 0-1

[Event "Turkey Cup 2020"]
[Site "Antalya-Belek"]
[Date "2020.01.29"]
[Round "5.79"]
[White "Gur, Tuba"]
[Black "Ozdemir, Metin"]
[Result "1-0"]
[WhiteElo "1782"]
[BlackElo "1435"]
[Annotator "NA"]
[PlyCount "57"]
[EventDate "2020.01.26"]
[EventType "swiss"]
[EventCountry "TUR"]
[SourceTitle "playchess.com"]
[Source "ChessBase"]
[SourceQuality "1"]

1. d4 d5 2. Nf3 Nf6 3. e3 e6 4. Bd3 c5 5. b3 Nc6 6. O-O cxd4 7. exd4 Be7 8. Bb2 h6 9. Nbd2 O-O 10. a3 b6 11. Ne5 Bb7 12. f4 Bd6 13. Qf3 a6 14. Rae1 Ne7 15. Qh3 b5 16. g4 Kh8 17. g5 Nfg8 18. g6 Bxe5 19. fxe5 Nxg6 20. Bxg6 Qg5+ 21. Kh1 Qxg6 22. Rg1 Qxc2 23. Rxg7 Kxg7 24. Rg1+ Kh8 25. Nf3 Qh7 26. Bc1 Rac8 27. Qh4 Rc3 28. Bxh6 Ne7 29. Qf6+ 1-0

[Event "Turkey Cup 2020"]
[Site "Antalya-Belek"]
[Date "2020.01.29"]
[Round "5.80"]
[White "Urun, Sina Mete"]
[Black "Basara, Arda"]
[Result "0-1"]
[WhiteElo "1494"]
[BlackElo "1768"]
[Annotator "NA"]
[PlyCount "56"]
[EventDate "2020.01.26"]
[EventType "swiss"]
[EventCountry "TUR"]
[SourceTitle "playchess.com"]
[Source "ChessBase"]
[SourceQuality "1"]

1. e4 e5 2. Nf3 Nf6 3. Nxe5 d6 4. Nf3 Nxe4 5. Nc3 Nxc3 6. dxc3 Be7 7. Be3 Nc6 8. Bd3 Be6 9. Qd2 Qd7 10. c4 O-O 11. O-O-O a6 12. Ng5 Bxg5 13. Bxg5 Ne5 14. Qc3 Qa4 15. Qb3 Qc6 16. f4 Bxc4 17. Bxc4 Nxc4 18. Qg3 Qb6 19. b3 Qe3+ 20. Qxe3 Nxe3 21. Rd3 Rfe8 22. Rg1 Re4 23. g4 Rae8 24. Kd2 d5 25. h3 d4 26. f5 Nd5 27. Rg2 f6 28. Bh4 Nf4 0-1

[Event "Turkey Cup 2020"]
[Site "Antalya-Belek"]
[Date "2020.01.29"]
[Round "5.81"]
[White "Baylav, Bartu"]
[Black "Demirkesen, Mehmet Cihad"]
[Result "1/2-1/2"]
[WhiteElo "1777"]
[BlackElo "1592"]
[Annotator "NA RC"]
[PlyCount "172"]
[EventDate "2020.01.26"]
[EventType "swiss"]
[EventCountry "TUR"]
[SourceTitle "playchess.com"]
[Source "ChessBase"]
[SourceQuality "1"]

1. d4 c6 2. e4 d5 3. Nd2 g6 4. Ngf3 Bg7 5. exd5 cxd5 6. Bd3 Nc6 7. c3 f5 8. Qe2 Nf6 9. h4 Nh5 10. Nf1 O-O 11. Ng3 Nxg3 12. fxg3 e5 13. dxe5 Nxe5 14. O-O Nxd3 15. Qxd3 b6 16. Bg5 Bf6 17. Rad1 Bb7 18. Rfe1 Bxg5 19. Nxg5 Re8 20. Qd4 Qd6 21. Qa4 Bc6 22. Qf4 Qxf4 23. gxf4 Rxe1+ 24. Rxe1 Re8 25. Rxe8+ Bxe8 26. Kf2 h6 27. Nf3 Kf7 28. Ke3 Ke6 29. Kd4 Bc6 30. Ne5 Be8 31. a4 Kd6 32. b3 Ke6 33. Nd3 Kd6 34. Nf2 Bd7 35. Nd1 Be6 36. Ne3 h5 37. Nc2 Bd7 38. Nb4 Be6 39. Nd3 Bd7 40. Ne5 Be8 41. g3 Ke6 42. Nd3 Kd6 43. Nb2 Bf7 44. b4 Be8 45. b5 Bf7 46. Nd3 Be8 47. Nb4 Bf7 48. Nd3 Be8 49. Nb4 Bf7 50. Nc6 a5 51. Ne5 Be8 52. c4 dxc4 53. Nxc4+ Kc7 54. Ke5 Bf7 55. Nb2 Kd7 56. Kf6 Ke8 57. Nd3 Bb3 58. Nb2 Bf7 59. Nd3 Bb3 60. Nb2 Bf7 61. Kg7 Ke7 62. Nd3 Bb3 63. Nb2 Bf7 64. Nd1 Bb3 65. Nc3 Bf7 66. Nd1 Bb3 67. Nc3 Bf7 68. Ne2 Bb3 69. Nc3 Bf7 70. Nb1 Bb3 71. Nc3 Bf7 72. Nb1 Bb3 73. Nc3 Bf7 74. Ne2 Bb3 75. Nc3 Bf7 76. Ne2 Bb3 77. Nc3 Bf7 78. Nb1 Bb3 79. Kxg6 Bxa4 80. Na3 Kd6 81. Kxf5 Kc5 82. Ke6 Bxb5 83. Nxb5 Kxb5 84. f5 a4 85. f6 a3 86. f7 a2 1/2-1/2

[Event "Turkey Cup 2020"]
[Site "Antalya-Belek"]
[Date "2020.01.29"]
[Round "5.84"]
[White "Gunebakan, Yunus Emre"]
[Black "Ekici, Kaan Muhammed"]
[Result "0-1"]
[WhiteElo "1402"]
[BlackElo "1738"]
[Annotator "NA"]
[PlyCount "116"]
[EventDate "2020.01.26"]
[EventType "swiss"]
[EventCountry "TUR"]
[SourceTitle "playchess.com"]
[Source "ChessBase"]
[SourceQuality "1"]

1. e4 Nc6 2. Nf3 e5 3. Bc4 Nf6 4. d4 exd4 5. e5 d5 6. Bb5 Ne4 7. Bxc6+ bxc6 8. Nxd4 c5 9. Ne2 Bf5 10. O-O c6 11. Nd2 Nxd2 12. Bxd2 Be7 13. Ng3 Qd7 14. c3 Bd3 15. Re1 O-O 16. Bg5 c4 17. Bxe7 Qxe7 18. f4 f5 19. b4 a5 20. a3 axb4 21. axb4 c5 22. bxc5 Qxc5+ 23. Kh1 Rab8 24. Ne2 Qf2 25. Ra2 Be4 26. Rg1 Rb1 27. Qxb1 Bxb1 28. Rxb1 h5 29. Rab2 Ra8 30. e6 Kh7 31. h3 Qe3 32. Nd4 Qxc3 33. Nxf5 Qf6 34. g4 Qxe6 35. Rb7 Qe4+ 36. Kh2 Qxf4+ 37. Kh1 Qe4+ 38. Kg1 Rg8 39. Ne7 hxg4 40. Nxg8 Qe3+ 41. Kf1 Qxh3+ 42. Ke2 Qd3+ 43. Kf2 Qf3+ 44. Kg1 Kxg8 45. Re7 g3 46. Rxg7+ Kxg7 47. Rb7+ Qf7 48. Rxf7+ Kxf7 49. Kf1 c3 50. Kg1 c2 51. Kg2 c1=Q 52. Kh3 g2 53. Kxg2 Qf4 54. Kh1 Qd2 55. Kg1 Kf6 56. Kf1 Kf5 57. Kg1 Kg4 58. Kh1 Kf3 0-1

[Event "Turkey Cup 2020"]
[Site "Antalya-Belek"]
[Date "2020.01.29"]
[Round "5.85"]
[White "Temel, Burcu Melis"]
[Black "Sepici, Batuhan"]
[Result "1/2-1/2"]
[WhiteElo "1752"]
[BlackElo "1539"]
[Annotator "NA"]
[PlyCount "48"]
[EventDate "2020.01.26"]
[EventType "swiss"]
[EventCountry "TUR"]
[SourceTitle "playchess.com"]
[Source "ChessBase"]
[SourceQuality "1"]

1. Nf3 c5 2. b3 Nc6 3. Bb2 d6 4. e3 e5 5. d3 f5 6. Nbd2 Nf6 7. c4 Be7 8. Be2 O-O 9. O-O h6 10. d4 e4 11. Ne1 cxd4 12. exd4 d5 13. Nc2 Be6 14. f3 Rc8 15. fxe4 fxe4 16. cxd5 Bxd5 17. Bc4 a6 18. Qe2 b5 19. Bxd5+ Qxd5 20. Ne3 Nxd4 21. Qd1 Qd7 22. Nxe4 Nxe4 23. Qxd4 Qxd4 24. Bxd4 Bf6 1/2-1/2

[Event "Turkey Cup 2020"]
[Site "Antalya-Belek"]
[Date "2020.01.29"]
[Round "5.86"]
[White "Arslan, Tayfun"]
[Black "Unal, Yusuf Evcim"]
[Result "1/2-1/2"]
[WhiteElo "1462"]
[BlackElo "1680"]
[Annotator "NA"]
[PlyCount "106"]
[EventDate "2020.01.26"]
[EventType "swiss"]
[EventCountry "TUR"]
[SourceTitle "playchess.com"]
[Source "ChessBase"]
[SourceQuality "1"]

1. e4 c5 2. Nf3 Nc6 3. d4 cxd4 4. Nxd4 Nf6 5. Nc3 g6 6. Be2 Bg7 7. Be3 O-O 8. Qd2 d5 9. exd5 Nxd5 10. Nxd5 Nxd4 11. Bxd4 Qxd5 12. Bxg7 Qxd2+ 13. Kxd2 Kxg7 14. Rad1 Bf5 15. Kc1 Rac8 16. Bd3 Be6 17. b3 Rc5 18. Kb2 Rg5 19. Be4 b6 20. Rd4 Rc8 21. Rhd1 Rgc5 22. c4 b5 23. cxb5 Rxb5 24. Rc1 Rxc1 25. Kxc1 f5 26. Bf3 Re5 27. Kd2 Ra5 28. Ra4 Rxa4 29. bxa4 Bxa2 30. Kc3 e5 31. Kb4 e4 32. Be2 Bb1 33. Kc3 Kf6 34. Kd4 h6 35. h4 g5 36. hxg5+ hxg5 37. g3 Ke6 38. a5 Kd6 39. Bh5 Kc6 40. Be8+ Kd6 41. Bg6 Bc2 42. Bh5 Bd3 43. Bg6 Bb1 44. Bh5 Bc2 45. Bg6 Bb1 46. Bh7 Kc6 47. Ke5 Kb5 48. Bxf5 Kxa5 49. Bxe4 Bxe4 50. Kxe4 Kb5 51. f4 gxf4 52. gxf4 a5 53. f5 Kc6 1/2-1/2

[Event "Turkey Cup 2020"]
[Site "Antalya-Belek"]
[Date "2020.01.29"]
[Round "5.87"]
[White "Koc, Aylin"]
[Black "Caglar, Mehmet Halil"]
[Result "1/2-1/2"]
[WhiteElo "1500"]
[BlackElo "1670"]
[Annotator "NA RC"]
[PlyCount "185"]
[EventDate "2020.01.26"]
[EventType "swiss"]
[EventCountry "TUR"]
[SourceTitle "playchess.com"]
[Source "ChessBase"]
[SourceQuality "1"]

1. e4 e5 2. Nf3 Nc6 3. Nc3 Nf6 4. d4 exd4 5. Nxd4 d6 6. h3 Be7 7. Bc4 O-O 8. O-O a5 9. f4 Nxd4 10. Qxd4 c6 11. Bd3 Nd7 12. Qf2 Qb6 13. Be3 Qc7 14. Qg3 Re8 15. Kh1 a4 16. Bd4 f6 17. e5 d5 18. Qh4 f5 19. Qh5 g6 20. Qf3 Bc5 21. Nxd5 cxd5 22. Qxd5+ Kg7 23. Bc3 Be7 24. Bb5 Nb6 25. Qf3 Rf8 26. e6+ Bf6 27. Bb4 Bxe6 28. Bxf8+ Rxf8 29. Rfe1 Bd5 30. Qa3 Qxf4 31. Rad1 Qf2 32. Bf1 Qxc2 33. Qd6 Qc6 34. Qb4 Rf7 35. Rc1 Be7 36. Qxe7 Qd7 37. Qe5+ Kg8 38. b3 axb3 39. axb3 f4 40. Qe8+ Qxe8 41. Rxe8+ Kg7 42. Bc4 Nxc4 43. bxc4 Bc6 44. Re5 f3 45. gxf3 Rxf3 46. Kh2 Rf2+ 47. Kg3 Rf3+ 48. Kh2 Rf2+ 49. Kg3 Rf3+ 50. Kh2 Rf2+ 51. Kg3 Rg2+ 52. Kf4 Kf6 53. Ree1 g5+ 54. Ke3 Rg3+ 55. Kd2 Rxh3 56. Re3 Rh2+ 57. Kd3 g4 58. Rf1+ Kg5 59. Re5+ Kh4 60. Re6 Kg3 61. Rg1+ Bg2 62. Re7 Kf2 63. Ra1 Rh3+ 64. Kd2 Rh6 65. Rf7+ Bf3 66. Rb1 Kg2 67. Rb2 Rh1 68. Ke3+ Kg3 69. c5 Re1+ 70. Kd4 Rd1+ 71. Ke5 Rd5+ 72. Ke6 Rxc5 73. Rxh7 Rc8 74. Ke5 Re8+ 75. Kd4 Rd8+ 76. Ke5 Rd5+ 77. Ke6 Rc5 78. Kd6 Rf5 79. Ke6 Rf8 80. Ke5 Bc6 81. Rb3+ Rf3 82. Rb4 Rf2 83. Rg7 Bf3 84. Kf5 Be2+ 85. Kg5 b5 86. Re7 Bc4 87. Re4 Be2 88. Rxg4+ Bxg4 89. Rxg4+ Kf3 90. Rb4 Rg2+ 91. Kh5 Rh2+ 92. Kg5 Rg2+ 93. Kh5 1/2-1/2

[Event "Turkey Cup 2020"]
[Site "Antalya-Belek"]
[Date "2020.01.29"]
[Round "5.88"]
[White "Ozata, Doruk"]
[Black "Erke, Mustafa Yigit"]
[Result "1-0"]
[WhiteElo "1699"]
[BlackElo "1548"]
[Annotator "NA"]
[PlyCount "101"]
[EventDate "2020.01.26"]
[EventType "swiss"]
[EventCountry "TUR"]
[SourceTitle "playchess.com"]
[Source "ChessBase"]
[SourceQuality "1"]

1. e4 e5 2. Nf3 Nc6 3. Bc4 Nf6 4. d3 d5 5. exd5 Nxd5 6. Nc3 Nxc3 7. bxc3 Bd6 8. Ng5 Be6 9. Bxe6 fxe6 10. Qg4 Qf6 11. Qxe6+ Qxe6 12. Nxe6 Rg8 13. Ng5 Be7 14. Be3 O-O-O 15. Ke2 Rd5 16. Ne4 Ba3 17. Rab1 Ra5 18. Rb3 Be7 19. Ra1 b5 20. Bc5 Bxc5 21. Nxc5 b4 22. Ne4 Kd7 23. Kd2 Rb8 24. cxb4 Rxb4 25. Rxb4 Nxb4 26. a3 Nd5 27. Nc3 Nf6 28. f3 Ra6 29. a4 Nh5 30. Re1 Rg6 31. g3 Rg5 32. Re4 Nf6 33. Rc4 Rh5 34. h4 c6 35. Ke2 h6 36. Kf2 g5 37. Ne4 Nd5 38. Rc5 Ke7 39. Rxc6 gxh4 40. g4 Rg5 41. Nxg5 hxg5 42. Ra6 Nb4 43. Rxa7+ Kd6 44. Rg7 Kd5 45. Rxg5 Kd4 46. Rh5 Nxc2 47. Ke2 Nb4 48. Rxh4 Nxd3 49. g5+ Kc3 50. g6 Nf4+ 51. Rxf4 1-0

[Event "Turkey Cup 2020"]
[Site "Antalya-Belek"]
[Date "2020.01.29"]
[Round "5.89"]
[White "Atas, Remzi"]
[Black "Araboga, Nizamettin"]
[Result "1/2-1/2"]
[WhiteElo "1498"]
[BlackElo "1710"]
[Annotator "NA"]
[PlyCount "135"]
[EventDate "2020.01.26"]
[EventType "swiss"]
[EventCountry "TUR"]
[SourceTitle "playchess.com"]
[Source "ChessBase"]
[SourceQuality "1"]

1. d4 g6 2. c4 Bg7 3. Nc3 Nf6 4. e4 d6 5. f3 Nbd7 6. Be3 e5 7. Nge2 a6 8. Qd2 h6 9. d5 Nb6 10. Ng3 Bd7 11. Bd3 Qe7 12. O-O g5 13. Qf2 Nc8 14. c5 O-O 15. Rac1 dxc5 16. Bxc5 Nd6 17. Kh1 Rac8 18. Rfe1 Rfe8 19. Re2 Qd8 20. Nd1 h5 21. Ne3 h4 22. Ngf5 Nxf5 23. exf5 Bb5 24. Bxb5 axb5 25. Rd2 Qd7 26. Rcd1 Ra8 27. a3 Ra6 28. d6 Rc6 29. dxc7 Qxc7 30. Bb4 Rc1 31. Bc3 Rxd1+ 32. Rxd1 Qb6 33. Qd2 Qc6 34. Nd5 e4 35. Nxf6+ Bxf6 36. Bxf6 Qxf6 37. fxe4 Rxe4 38. Qd8+ Qxd8 39. Rxd8+ Kg7 40. h3 Re2 41. Rd7 Rxb2 42. Rxb7 Rb3 43. Rb6 Rxa3 44. Rxb5 Kf6 45. Kg1 Ra4 46. Kh2 Rf4 47. Ra5 Rxf5 48. Ra6+ Kg7 49. Rb6 f6 50. Rb4 Rf4 51. Rb6 Rf1 52. Rb3 Kg6 53. Rb5 f5 54. Rb8 g4 55. Rb6+ Kg5 56. hxg4 fxg4 57. Rb5+ Rf5 58. Rb1 Ra5 59. Rf1 Ra2 60. Kg1 h3 61. gxh3 g3 62. Rf8 Rh2 63. Rh8 Kf4 64. Rf8+ Kg5 65. Rh8 Ra2 66. Rg8+ Kh4 67. Rh8+ Kg5 68. Rg8+ 1/2-1/2

[Event "Turkey Cup 2020"]
[Site "Antalya-Belek"]
[Date "2020.01.29"]
[Round "5.90"]
[White "Ataer, Arda Burak"]
[Black "Avanoglu, Nurulllah"]
[Result "1-0"]
[WhiteElo "1762"]
[BlackElo "1569"]
[Annotator "NA"]
[PlyCount "91"]
[EventDate "2020.01.26"]
[EventType "swiss"]
[EventCountry "TUR"]
[SourceTitle "playchess.com"]
[Source "ChessBase"]
[SourceQuality "1"]

1. e4 c5 2. Nf3 d6 3. d4 cxd4 4. Nxd4 a6 5. Nc3 e6 6. Bc4 Be7 7. Bb3 Nf6 8. f4 Nc6 9. Be3 Na5 10. Qf3 b5 11. O-O Bb7 12. Bxe6 O-O 13. Bd5 Nxd5 14. Nxd5 Nc4 15. b3 Nxe3 16. Qxe3 Re8 17. Qd3 Rc8 18. c4 Bxd5 19. cxd5 Qb6 20. Rad1 b4 21. Kh1 Rc3 22. Qd2 Bf6 23. Rfe1 h6 24. Nc6 a5 25. e5 dxe5 26. Nxe5 Bxe5 27. Rxe5 Rec8 28. d6 Kh7 29. d7 Rd8 30. Qd5 Qg6 31. Re8 Qf6 32. Rxd8 Qxd8 33. Qxf7 Re3 34. h3 Re7 35. Qd5 g5 36. f5 Kg7 37. Qd6 Kf7 38. Qg6+ Kf8 39. f6 Rf7 40. Qxh6+ Kg8 41. Qxg5+ Kf8 42. Qc5+ Kg8 43. Qd6 Rxf6 44. Qxf6 Qxf6 45. d8=Q+ Qxd8 46. Rxd8+ 1-0

[Event "Turkey Cup 2020"]
[Site "Antalya-Belek"]
[Date "2020.01.29"]
[Round "5.91"]
[White "Polat, Ahmet Eren"]
[Black "Seb, Ozgur"]
[Result "1-0"]
[WhiteElo "1641"]
[BlackElo "1573"]
[Annotator "NA"]
[PlyCount "103"]
[EventDate "2020.01.26"]
[EventType "swiss"]
[EventCountry "TUR"]
[SourceTitle "playchess.com"]
[Source "ChessBase"]
[SourceQuality "1"]

1. e4 e5 2. Nf3 Nc6 3. Bc4 Bc5 4. c3 Qe7 5. d3 Nf6 6. Bb3 d6 7. Nbd2 O-O 8. h3 Be6 9. Nf1 d5 10. Ng3 dxe4 11. dxe4 Rfd8 12. Qe2 Bxb3 13. axb3 Qe6 14. b4 Bf8 15. O-O h6 16. Nf5 Ne7 17. N3h4 Kh7 18. Re1 g6 19. Nxe7 Qxe7 20. Nf3 a6 21. Ra5 Nd7 22. Be3 c6 23. Nd2 Bg7 24. Nc4 f6 25. Qg4 Nf8 26. Raa1 Qe6 27. Qxe6 Nxe6 28. Red1 Bf8 29. Bb6 Rxd1+ 30. Rxd1 Re8 31. Na5 Re7 32. Bc5 Nxc5 33. bxc5 h5 34. b4 Bh6 35. Kf1 Kg7 36. Ke2 Kf7 37. Rd8 Rc7 38. Rb8 Ke7 39. Rxb7 Rxb7 40. Nxb7 Kd7 41. Kd3 Bf8 42. Kc4 Kc7 43. Na5 Be7 44. Kb3 Kd7 45. Ka4 Bd8 46. Nb3 f5 47. f3 Bg5 48. Ka5 Bd8+ 49. Kxa6 Bh4 50. c4 Be1 51. b5 Bf2 52. b6 1-0

[Event "Turkey Cup 2020"]
[Site "Antalya-Belek"]
[Date "2020.01.29"]
[Round "5.92"]
[White "Kahraman, Yusuf"]
[Black "Hazinedaroglu, Gokay"]
[Result "1/2-1/2"]
[WhiteElo "1438"]
[BlackElo "1510"]
[Annotator "NA"]
[PlyCount "81"]
[EventDate "2020.01.26"]
[EventType "swiss"]
[EventCountry "TUR"]
[SourceTitle "playchess.com"]
[Source "ChessBase"]
[SourceQuality "1"]

1. e4 c6 2. d4 d5 3. Nd2 dxe4 4. Nxe4 Bf5 5. Ng3 Bg6 6. Nf3 Nd7 7. h4 h6 8. Bd3 Bxd3 9. Qxd3 e6 10. Bf4 Ngf6 11. O-O Be7 12. Rfd1 Nd5 13. Be5 N7f6 14. c4 Nb6 15. Qb3 Qd7 16. a4 O-O 17. a5 Nc8 18. Bxf6 Bxf6 19. Nh5 Qe7 20. Nxf6+ gxf6 21. d5 cxd5 22. cxd5 e5 23. Qe3 Kg7 24. Ra4 Nd6 25. h5 Qd7 26. Rb4 Rg8 27. Nh4 Kh7 28. Re1 Rg4 29. Qh3 Rag8 30. Ng6 e4 31. f3 Qc8 32. fxg4 Qc5+ 33. Qe3 Qxb4 34. Ne7 Rg5 35. Nf5 Nxf5 36. gxf5 Qxb2 37. Qxe4 Rxh5 38. d6 Qb5 39. Qe7 Qc5+ 40. Re3 Qc1+ 41. Re1 1/2-1/2

[Event "Turkey Cup 2020"]
[Site "Antalya-Belek"]
[Date "2020.01.29"]
[Round "5.93"]
[White "Ipek, Suat Sukru"]
[Black "Pek, Efe Can"]
[Result "1/2-1/2"]
[WhiteElo "1561"]
[BlackElo "1602"]
[Annotator "NA"]
[PlyCount "103"]
[EventDate "2020.01.26"]
[EventType "swiss"]
[EventCountry "TUR"]
[SourceTitle "playchess.com"]
[Source "ChessBase"]
[SourceQuality "1"]

1. e4 c5 2. Nf3 e6 3. d4 cxd4 4. Nxd4 Nc6 5. Be2 a6 6. O-O Qc7 7. Nc3 d6 8. Be3 Nf6 9. f4 Be7 10. a3 O-O 11. Qe1 Nxd4 12. Bxd4 e5 13. Be3 b5 14. fxe5 dxe5 15. Rxf6 Bxf6 16. Nd5 Qc6 17. c4 bxc4 18. Rc1 Bd8 19. Bxc4 Qg6 20. Bd3 Bb7 21. Qe2 Rc8 22. Rxc8 Bxc8 23. Kh1 Bb7 24. b4 Re8 25. h3 Qd6 26. Bc5 Qc6 27. Bc4 Qh6 28. Qf1 Qg6 29. Qe2 Bh4 30. Qf3 Qg3 31. Ne7+ Kh8 32. Qxg3 Bxg3 33. Nf5 Bf4 34. Nd6 Re7 35. Nxf7+ Rxf7 36. Bxf7 Bxe4 37. Bc4 Bb7 38. a4 g6 39. Kg1 Kg7 40. Kf2 Kf6 41. Be3 Bxe3+ 42. Kxe3 Bxg2 43. Bxa6 Ke6 44. Bc8+ Kd6 45. b5 Kc7 46. Be6 Kb6 47. h4 h6 48. Bg4 Bd5 49. Bd1 g5 50. hxg5 hxg5 51. Kd3 Ka5 52. Ke3 1/2-1/2

[Event "Turkey Cup 2020"]
[Site "Antalya-Belek"]
[Date "2020.01.29"]
[Round "5.94"]
[White "Kecili, Mustafa Firat"]
[Black "Saglam, Baver"]
[Result "1-0"]
[WhiteElo "1673"]
[BlackElo "1364"]
[Annotator "NA"]
[PlyCount "101"]
[EventDate "2020.01.26"]
[EventType "swiss"]
[EventCountry "TUR"]
[SourceTitle "playchess.com"]
[Source "ChessBase"]
[SourceQuality "1"]

1. d4 Nf6 2. Nf3 d5 3. c4 e6 4. g3 Be7 5. Bg2 O-O 6. O-O Nbd7 7. Qc2 Ne4 8. Nc3 Nxc3 9. bxc3 Nb6 10. c5 Nc4 11. Nd2 Nxd2 12. Bxd2 b6 13. cxb6 axb6 14. c4 Ba6 15. cxd5 exd5 16. Rfe1 Bf6 17. Bf4 c5 18. dxc5 Bxa1 19. Rxa1 Rc8 20. c6 Qf6 21. Rc1 Rfe8 22. e4 dxe4 23. Bxe4 g6 24. h4 Qd4 25. Bf3 Bb7 26. cxb7 Rxc2 27. Rxc2 Qd7 28. Kg2 Qf5 29. Re2 Rd8 30. Bc7 Rf8 31. Bxb6 Qd7 32. Ba7 Qb5 33. Rc2 Qa4 34. Rc8 Qxa7 35. Ra8 Qb6 36. a4 Kg7 37. a5 Qc7 38. a6 Rb8 39. Kh2 f5 40. Bd5 Kh6 41. Bf3 Kg7 42. Bd5 Kh6 43. Bf3 f4 44. g4 Kg7 45. g5 h6 46. gxh6+ Kh7 47. Kg2 Qe5 48. a7 Rxb7 49. Bxb7 Kxh6 50. Rb8 Qf5 51. Bf3 1-0

[Event "Turkey Cup 2020"]
[Site "Antalya-Belek"]
[Date "2020.01.29"]
[Round "5.95"]
[White "Atayman, Evren"]
[Black "Bilgin, Kaan Bora"]
[Result "1-0"]
[WhiteElo "1596"]
[BlackElo "1267"]
[Annotator "NA"]
[PlyCount "55"]
[EventDate "2020.01.26"]
[EventType "swiss"]
[EventCountry "TUR"]
[SourceTitle "playchess.com"]
[Source "ChessBase"]
[SourceQuality "1"]

1. c4 e5 2. Nc3 Nf6 3. g3 d5 4. cxd5 Nxd5 5. Bg2 Nb6 6. Nf3 Nc6 7. d3 Be7 8. O-O O-O 9. Be3 Be6 10. a4 f5 11. a5 Nd5 12. Nxd5 Bxd5 13. a6 b6 14. Qc1 Na5 15. Nxe5 Nb3 16. Nc6 Nxc1 17. Bxd5+ Kh8 18. Nxd8 Nxe2+ 19. Kg2 Raxd8 20. Rfe1 Rxd5 21. Rxe2 Rxd3 22. Bxb6 cxb6 23. Rxe7 Ra8 24. Rc1 Rb3 25. Rxa7 Rg8 26. Rc2 Rb4 27. Rb7 h6 28. a7 1-0

[Event "Turkey Cup 2020"]
[Site "Antalya-Belek"]
[Date "2020.01.29"]
[Round "5.96"]
[White "Isikli, Murat Sedat"]
[Black "Yanikoglu, Omer"]
[Result "0-1"]
[WhiteElo "1400"]
[BlackElo "1635"]
[Annotator "NA"]
[PlyCount "142"]
[EventDate "2020.01.26"]
[EventType "swiss"]
[EventCountry "TUR"]
[SourceTitle "playchess.com"]
[Source "ChessBase"]
[SourceQuality "1"]

1. e4 c5 2. Nf3 d6 3. d4 cxd4 4. Nxd4 Nf6 5. Nc3 g6 6. Bd3 Bg7 7. O-O O-O 8. Bg5 Nc6 9. Nb3 a5 10. a4 Be6 11. Nd2 Nb4 12. Bb5 Rc8 13. Rc1 Rxc3 14. bxc3 Na2 15. Ra1 Nxc3 16. Qf3 Nxb5 17. axb5 Ng4 18. Ra4 Ne5 19. Qe2 b6 20. Be3 Nd7 21. Bd4 Bh6 22. f4 Nc5 23. Ra3 f5 24. exf5 Bxf5 25. g4 Bd7 26. g5 Bg7 27. Bxg7 Kxg7 28. Re3 Rf7 29. c4 Bf5 30. Re1 e6 31. Nf3 Bg4 32. Qb2+ Kg8 33. Nd4 Rxf4 34. h4 Qf8 35. Nc6 Bf5 36. Nd4 Rg4+ 37. Kh2 Rxh4+ 38. Kg3 Rg4+ 39. Kh2 Rxg5 40. Nxf5 Rxf5 41. R1e2 Qh6+ 42. Rh3 Qf4+ 43. Kh1 e5 44. Qd2 Qxd2 45. Rxd2 Rf6 46. Rd5 Kg7 47. Kg2 g5 48. Rh1 Kg6 49. Rhd1 Ne4 50. Re1 Rf2+ 51. Kg1 Rf4 52. Kg2 h5 53. Rxe4 Rxe4 54. Rxd6+ Kf5 55. Rxb6 Rxc4 56. Ra6 a4 57. b6 Rb4 58. b7 Rxb7 59. Rxa4 e4 60. Ra5+ Kf4 61. Ra8 Rb2+ 62. Kf1 h4 63. Rf8+ Kg3 64. Rf5 g4 65. Re5 Rf2+ 66. Kg1 Rf4 67. Ra5 h3 68. Ra3+ Rf3 69. Ra2 h2+ 70. Rxh2 Rf1+ 71. Kxf1 Kxh2 0-1